[Event "WWRR IM 2019"]
[Site "Wachtebeke"]
[Date "2019.03.06"]
[Round "7.2"]
[White "De Rover, Yong Hoon"]
[Black "Vuelban, Virgilio"]
[Result "0-1"]
[WhiteElo "2422"]
[BlackElo "2272"]
[Annotator "TA"]
[PlyCount "170"]
[EventDate "2019.03.02"]
[EventCountry "BEL"]
[SourceTitle "playchess.com"]
[Source "ChessBase"]
[SourceQuality "1"]

{[%evp 18,170,0,0,0,0,29,33,36,41,33,30,26,32,26,20,43,41,50,21,35,12,28,31,115,33,50,40,42,29,28,22,75,75,84,52,63,66,77,44,68,0,0,0,0,0,0,0,0,0,0,0,0,0,0,0,0,0,0,0,0,0,0,0,0,0,0,-8,0,-8,-8,-8,-8,-8,0,0,0,0,0,-487,-487,-487,-481,-943,-833,-785,-778,-778,-611,-611,-611,-611,-611,-29956,-29956,-29959,-29951,-12833,-6099,-2181,-1438,-29963,-29966,-29965,-29967,-29965,-29968,-29968,-29969,-29968,-29966,-29968,-29968,-29968,-29969,-29969,-29970,-29971,-29972,-29972,-29973,-29978,-29970,-29980,-29981,-29981,-29982,-29982,-29983,-29983,-29984,-29989,-29990,-29991,-29992,-29992,-29993,-29993,-29994,-29994,-29995,-29995,-29983,-29983,-29982,-29984,-29985,-29986,-29987,-29987,-29988,-29988,-29989,-29989,-29990]} 1. Nf3 Nf6 2. c4 g6 3. g3 Bg7 4. Bg2 d5 5. cxd5 Nxd5 6. Nc3 O-O 7. O-O c5 8. d3 Nc6 9. Nxd5 Qxd5 10. Be3 Bxb2 {A38: Symmetrical English vs ...g6: 4 Bg2 Bg7 5 Nf3 Nf6} (10... Bd7 11. Nd4 Qd6 12. Nxc6 Bxc6 13. Bxc6 Qxc6 14. Rc1 Qa6 15. Rxc5 b6 16. Rc2 Qxa2 17. b4 Qa4 18. Rc4 Qxd1 19. Rxd1 Rfc8 20. b5 Be5 {½-½ (35) So,W (2778)-Anand,V (2759) Paris 2018}) 11. Nd4 Qe5 $146 ({Predecessor:} 11... Qd7 12. Nxc6 Bxa1 13. Qxa1 bxc6 14. Bh6 Qd4 15. Bxf8 Kxf8 16. Qc1 Be6 17. Bxc6 {½-½ (17) Magalashvili,D (2489)-Omidi,A (2268) Mersin 2016}) 12. Nxc6 bxc6 {White is slightly better.} 13. Rb1 {Hoping for Qc2.} Be6 {[#]} 14. Bxc5 $1 {[%mdl 512]} Qxc5 15. Rxb2 Rab8 16. Rc2 Qa5 17. Qc1 c5 18. Qe3 Rfc8 19. Rfc1 Qa3 20. Qe5 Qa4 ({Better is} 20... Rb5 $14) 21. Bd5 (21. Rxc5 $16 {Bd5 is the strong threat.} Qa3 22. Rxc8+ Rxc8 23. Rxc8+ Bxc8 24. h4) 21... Bxd5 22. Qxd5 Rb1 23. Kg2 Rxc1 24. Rxc1 $11 {[%mdl 4096] Endgame KQR-KQR} e6 (24... Qc6 $11 {keeps the balance.} 25. Qf3 Qe6) 25. Qc4 $16 Qc6+ 26. f3 e5 $1 27. Rb1 Kg7 28. g4 Rd8 29. Rb5 (29. h3 $14) 29... Rd4 $1 $11 {[%cal Rd4c4]} 30. Qxc5 {[%mdl 64] Double Attack} Rxg4+ $1 31. Kf2 Qxc5+ 32. Rxc5 {KR-KR} Ra4 33. Rxe5 Rxa2 34. f4 a5 {[%cal Ba7a5,Ba5a4][%mdl 32]} 35. Kf3 a4 36. Ra5 a3 37. Ra7 Ra1 38. Ke3 h5 39. Kd4 Rh1 40. Rxa3 Rxh2 41. e4 h4 42. e5 Rb2 43. Ra1 h3 44. Ke4 h2 45. d4 Rg2 46. Rh1 g5 47. Kf3 Rd2 48. Ke3 $2 {[%mdl 8192] [#]} (48. fxg5 $11 Kg6 49. Ke3) 48... g4 $1 $19 49. Kxd2 {KR-K3P} g3 50. Ke2 (50. Kd3 $142 g2 51. Rxh2) 50... g2 51. Rxh2 g1=Q {[%mdl 64] Double Attack. KQ-KR} 52. Rf2 Qh1 53. Ke3 Kg6 54. f5+ Kg5 55. f6 Qd5 56. Rf1 Kg4 57. Rg1+ Kf5 58. Rf1+ Ke6 59. Rf2 Qb3+ {Black mates.} 60. Ke4 Qb1+ 61. Ke3 Kd5 62. Rf4 Qg1+ 63. Kf3 Qg5 64. Rg4 Qf5+ 65. Kg3 Kc4 66. Rf4 Qe6 67. Kh4 Kd3 68. Kg5 Qe8 69. Kf5 Qh8 {[%cal Rh8h5]} 70. Kg5 Ke3 71. Rg4 Kf3 72. Rf4+ Kg3 73. Rg4+ Kh3 74. Re4 Qg8+ 75. Kf4 Qg3+ 76. Kf5 Qf3+ 77. Rf4 Qd3+ 78. Re4 Kg3 79. e6 Kf3 80. exf7 Qxe4+ 81. Kg5 Qa8 82. Kg6 Qf8 83. d5 Ke4 84. d6 Ke5 85. d7 Ke6 {Accuracy: White = 59%, Black = 72%.} 0-1

[Event "WWRR IM 2019"]
[Site "Wachtebeke"]
[Date "2019.03.06"]
[Round "7.3"]
[White "Beukema, Jasper"]
[Black "Huynh, Laurent"]
[Result "0-1"]
[WhiteElo "2282"]
[BlackElo "2138"]
[Annotator "TA"]
[PlyCount "136"]
[EventDate "2019.03.02"]
[EventCountry "BEL"]
[SourceTitle "playchess.com"]
[Source "ChessBase"]
[SourceQuality "1"]

{[%evp 15,136,5,18,-12,-4,-6,0,-16,8,0,0,0,0,4,23,0,18,11,54,0,0,0,0,-3,0,0,0,-3,0,0,0,0,0,-20,-13,-27,-20,-21,-5,-9,0,0,0,0,0,0,0,0,0,0,0,0,0,0,0,-85,-14,-454,-225,-464,-297,-560,-587,-987,-973,-987,-937,-932,-325,-764,-764,-674,-215,-189,0,0,0,0,0,-76,-76,-75,-76,-75,-75,-125,-118,-118,-108,-97,0,0,0,0,0,0,0,-461,-447,-440,-424,-289,-303,-733,-584,-584,-584,-580,-576,-568,-222,-222,-166,-197,-47,-52,-2,-588,-588,-572,-572,-5093,-669]} 1. d4 Nf6 2. c4 e6 3. Nf3 b6 4. g3 Bb7 5. Bg2 Bb4+ 6. Bd2 Be7 7. Nc3 O-O 8. O-O d5 {LiveBook: 140 Games} 9. b3 {E16: Queen's Indian: 4 g3 Bb7 5 Bg2 Bb4+} Nbd7 10. Qc2 c5 11. cxd5 {The position is equal.} Nxd5 $146 ({Predecessor:} 11... exd5 12. Bf4 Ne4 13. Nxe4 dxe4 14. Nd2 f5 15. dxc5 Nxc5 {0-1 (53) Muzychuk,M (2544)-Dzagnidze,N (2522) Huaian 2017}) 12. Nxd5 Bxd5 13. Bc3 Rc8 {Threatens to win with ...Bxf3.} 14. Qb2 c4 15. bxc4 Bxc4 16. Rfe1 b5 {[%cal Bb6b5,Bb5b4][%mdl 32]} 17. Nd2 (17. a4 $14) 17... Nb6 18. Nxc4 Rxc4 19. e3 b4 20. Bd2 a5 21. Rec1 Qd7 22. a3 Rfc8 23. axb4 axb4 24. Rd1 Na4 25. Qb3 Nc3 26. Re1 g6 27. Ra5 Bf8 28. Rea1 Ne2+ 29. Kf1 $1 {[%cal Rf1e2]} Nc3 30. h4 h5 31. Kg1 R4c7 32. Kh2 Qd8 33. Ra6 Kh7 34. R1a5 Bd6 35. Kh1 {[#]} (35. Kh3 $1 $11) 35... Ne2 (35... Qf6 $1 $17 {[%cal Rf6f2]} 36. f4 (36. Rxd6 $2 Qxf2 37. Rc5 Qxd2 $19) 36... Qd8) 36. Ra1 $2 {[%mdl 8192]} (36. Rxh5+ $1 $11 {and White stays safe.} gxh5 37. Qd3+ Kg7 38. Qxe2) 36... Rc2 (36... Qf6 $142 37. f4 Nxg3+ 38. Kg1 Be7) 37. Be1 $2 (37. Qd3 Bxg3 38. Qxe2 Qxh4+ 39. Kg1 Bxf2+ 40. Qxf2 Qxf2+ 41. Kxf2 Rxd2+ 42. Kg3) 37... Nc1 38. Qb1 $2 (38. Qa4 {might work better.} Nd3 39. Ra7 Nxe1 40. Rxf7+ Kg8 41. Qd7 Qxd7 42. Rxd7 Nxg2 43. Kxg2) 38... b3 $19 39. Be4 Re2 40. Qxc1 Rxc1 41. Rxc1 {[#]} Ra2 $2 (41... Bxg3 $1 {[%mdl 512]} 42. fxg3 Rxe3) 42. Rac6 $2 (42. Rxa2 bxa2 43. Ra1) 42... b2 43. Rb1 Ba3 $2 (43... Ra1 44. Kg1 Qb8) 44. Bc3 Ra1 $2 (44... Qb8 $19 45. Kg1 f5) 45. Rxa1 $11 bxa1=Q+ 46. Bxa1 Be7 47. Bc3 (47. Kg2 $11 {keeps the balance.}) 47... Bxh4 $1 $17 48. Rc5 Bg5 49. Ba5 Qe7 50. f4 Bh6 51. Kg2 Kg8 52. Rc8+ Bf8 (52... Kg7 $17) 53. Bb6 $1 $11 {[%cal Rb6c5] Hoping for Bc5.} Qb4 54. Bc5 Qd2+ 55. Kh3 {Black must now prevent d5.} h4 56. Bg2 $2 {[%mdl 8192]} (56. Bc6 $11) 56... Qxe3 $19 {[%csl Gh4][%cal Re3g3]} 57. Kxh4 ({Not} 57. Rxf8+ Kg7 $19) 57... Qe2 {[%csl Gg6][%cal Re2h5]} 58. g4 ({Reject} 58. Rxf8+ Kg7 $19) 58... Qxg2 59. Kg5 $2 (59. g5) 59... Qe4 {And now ...f6+ would win.} 60. Bxf8 {[%mdl 4096] Endgame [#] KQ-KRB} f6+ $1 {[%mdl 512]} 61. Kxf6 {White threatens Bg7+ and mate.} Qxf4+ 62. Ke7 {White wants to mate with Bh6+.} Qg5+ $2 (62... g5 63. Kd7 Qxd4+ 64. Bd6+ Kg7) 63. Kd7 Qd5+ 64. Bd6+ Kg7 {[#]} ({Better is} 64... Kf7 $19 65. Rf8+ Kg7) 65. g5 $1 {[%mdl 512]} Qxd4 {Strongly threatening ...e5.} (65... Qxg5 66. Be5+) 66. Re8 $2 {[%mdl 8192]} (66. Ke7 $11) 66... Qa4+ {Black is clearly winning.} 67. Ke7 {Intending Be5+ and mate.} Qa7+ 68. Kxe6 {Threatening mate with Be5+.} Qf7+ {Precision: White = 43%, Black = 50%.} 0-1

[Event "WWRR IM 2019"]
[Site "Wachtebeke"]
[Date "2019.03.06"]
[Round "7.4"]
[White "Hautot, Stephane"]
[Black "De Ruiter, Danny"]
[Result "1/2-1/2"]
[WhiteElo "2347"]
[BlackElo "2328"]
[Annotator "TA"]
[PlyCount "70"]
[EventDate "2019.03.02"]
[EventCountry "BEL"]
[SourceTitle "playchess.com"]
[Source "ChessBase"]
[SourceQuality "1"]

{[%evp 27,70,1,2,2,0,-18,-22,-20,-25,-26,-14,-6,-8,-11,-9,-28,0,0,0,0,8,-17,20,22,17,15,8,0,0,-1,0,0,0,0,0,0,0,0,0,0,0,0,0,0,1]} 1. d4 Nf6 2. Nf3 g6 3. g3 Bg7 4. Bg2 O-O 5. O-O d5 6. c4 Nc6 7. cxd5 Nxd5 8. Nc3 Nb6 9. e3 Re8 10. Qe2 e5 11. dxe5 Nxe5 12. Rd1 Qe7 13. Nxe5 Bxe5 14. Bd2 c6 15. Rac1 {D76: Fianchetto Grünfeld: Main Line with 7...Nb6} (15. f4 Bxc3 16. Bxc3 Bf5 17. Be5 f6 18. Bd4 Be4 19. Bxe4 Qxe4 20. Bxf6 Qxe3+ 21. Qxe3 Rxe3 22. Kf2 Re6 {½-½ (53) Hayrapetyan,H (2480)-Balashov,Y (2408) Moscow 2016}) 15... Be6 16. b3 a5 17. Ne4 Bf5 $146 ({Predecessor:} 17... Bd5 18. Nc3 Bxg2 19. Kxg2 h5 20. h3 a4 21. Nxa4 Nxa4 22. bxa4 Rxa4 {0-1 (40) Zulkifli,M (2063)-Nguyen,V (2353) Kazan 2013}) 18. Be1 Bxe4 19. Bxe4 Bxg3 20. hxg3 {[#] Black must now prevent Bg2.} Qxe4 21. Bc3 Nd5 22. Ba1 $1 {And now Qb2 would win.The position is equal.} f6 (22... Rad8 {keeps more tension.} 23. Rd4 Qe7 24. Qd2 Qg5 25. Rd1 Ra8) 23. Rc4 {[%cal Bc1c4,Bc4d4,Bd4d6][%mdl 32]} Qe6 24. Qf3 Re7 25. e4 Nb6 26. Rcd4 ({Don't blunder} 26. Bxf6 $2 Rf7 $19) ({Of course not} 26. Qxf6 Qxf6 27. Bxf6 Rf7 $17) 26... Rf8 27. Qc3 Nd7 28. Rd6 Qh3 {Threatening ...Ne5.} 29. Qxa5 Ne5 30. Bxe5 Rxe5 {[%mdl 64] [#] Double Attack} 31. Qc3 {Rxf6! is the strong threat.} Rxe4 32. Rxf6 Rfe8 33. Rfd6 Rh4 {[%csl Gh4][%cal Rh3h1][%mdl 64] Pin} 34. Qf3 Qh2+ 35. Kf1 Qh1+ {Accuracy: White = 77%, Black = 74%.} 1/2-1/2

[Event "WWRR IM 2019"]
[Site "Wachtebeke"]
[Date "2019.03.06"]
[Round "7.5"]
[White "Dardha, Daniel"]
[Black "Van der Lende, Ilias"]
[Result "1/2-1/2"]
[WhiteElo "2369"]
[BlackElo "2343"]
[Annotator "TA"]
[PlyCount "221"]
[EventDate "2019.03.02"]
[EventCountry "BEL"]
[SourceTitle "playchess.com"]
[Source "ChessBase"]
[SourceQuality "1"]

{[%evp 18,220,29,33,33,30,41,41,45,31,34,22,48,33,29,33,30,32,35,31,160,166,144,84,84,84,97,99,95,97,92,91,99,108,114,111,129,107,115,66,66,66,66,66,81,66,66,66,66,66,66,66,66,66,66,66,66,66,66,66,66,66,66,66,66,59,66,66,66,18,50,0,66,66,66,66,66,66,66,66,66,66,66,66,66,66,66,50,66,50,57,33,33,37,51,66,66,66,66,66,66,66,66,66,66,66,66,31,346,101,101,101,101,100,100,100,100,100,100,100,100,0,0,0,100,100,100,100,100,100,100,0,0,0,0,0,0,0,89,89,89,89,89,89,89,89,89,89,89,89,89,89,89,89,89,48,89,89,89,0,89,41,89,60,89,60,89,0,0,0,0,0,0,0,0,0,0,0,2,2,17,0,0,0,0,0,0,0,0,0,0,0,0,0,0,0,0,0,0,0,0,0,0,0,0]} 1. c4 e6 2. d4 Nf6 3. Nc3 Bb4 4. Nf3 d5 5. Bg5 h6 6. Bxf6 Qxf6 7. cxd5 exd5 8. Qb3 Bxc3+ 9. bxc3 c6 10. e3 O-O {D38: Queen's Gambit Declined: Ragozin Defence (4 Nf3 Bb4)} 11. Be2 Nd7 12. O-O b6 $146 {White is slightly better.} ({Predecessor:} 12... Re8 13. a4 Nf8 14. Rfc1 Ng6 15. a5 Re7 16. c4 dxc4 17. Qxc4 Be6 18. Qc2 {½-½ (85) Kovacevic,B (2480)-Egle,S (2179) Schwarzach 2011}) 13. Nd2 Re8 14. Bf3 Ba6 15. Rfc1 Bd3 16. a4 Qg6 17. c4 dxc4 18. Nxc4 Rad8 {[#]} (18... Rac8 $14) 19. Bxc6 $1 $16 {[%mdl 512]} Nc5 (19... Qxc6 20. Qxd3) 20. dxc5 (20. Qb5 $142 $1 Re6 21. Bf3 (21. dxc5 Rxc6 22. Ne5 Bxb5 $14)) 20... Qxc6 21. cxb6 Be4 22. Nd2 Qxb6 23. Qxb6 axb6 24. Nb3 Rd5 25. Nd4 Rc5 26. f3 Bd3 27. Kf2 Ra8 28. Rd1 Bc2 29. Nxc2 Rxc2+ $14 {[%mdl 4096] Endgame KRR-KRR} 30. Kg3 Ra5 31. f4 g6 32. Kf3 Rc4 33. Rdb1 Ra6 34. Rb5 h5 35. Ra2 Rcxa4 36. Rxa4 Rxa4 37. Rxb6 {KR-KR} Kg7 38. Rb7 Ra3 39. Rb8 Ra4 40. Re8 Ra3 41. Kg3 Kf6 42. Re5 Ra2 43. Kh3 Re2 44. Kg3 Ra2 $1 45. Kf3 Rb2 46. Rd5 Rb3 47. Ke2 Rb2+ 48. Rd2 Rb4 49. Rd3 Rb2+ 50. Kf3 Ra2 51. Rb3 Rc2 52. e4 Ra2 53. Rb6+ Kg7 54. e5 Ra3+ 55. Kf2 Ra2+ 56. Kg3 $1 Ra3+ 57. Kh4 $1 Ra2 58. Kh3 $1 Ra3+ 59. g3 Ra2 60. Rb7 Re2 61. Ra7 Kg8 62. Kh4 Kg7 $2 {[%mdl 8192]} (62... Rxh2+ $14 63. Kg5 h4) 63. h3 $2 (63. Kg5 $1 $18 {is the precise move to win.} Re1 64. h3) 63... Re3 64. Rb7 Re4 65. Kg5 Re3 {[#]} 66. g4 $1 {[%cal Rg4h5]} hxg4 67. hxg4 Re1 68. Rd7 Re2 69. Kh4 (69. Rd5 $16) 69... Re4 $11 70. Kg5 (70. Kg3 $11) 70... Re2 $1 $16 71. Re7 Re1 72. Rc7 Re2 73. Rc5 Re1 74. Kh4 (74. Rc4 $16) 74... Rh1+ $11 75. Kg3 Rg1+ 76. Kf3 Rf1+ 77. Ke3 Re1+ {[#]} (77... g5 $1 $11) 78. Kf2 $1 $16 {[%cal Rf2e1]} Ra1 79. Rc7 Ra2+ 80. Ke3 Ra3+ 81. Kd4 Ra4+ 82. Rc4 Ra1 83. Kd5 Rd1+ 84. Rd4 Rf1 85. Kd6 Rf2 86. Ke7 Rf1 87. Ke8 Kg8 88. Ke7 Kg7 89. g5 Rf2 90. Ke8 {And now Rd7 would win.} Kg8 91. Re4 Kg7 92. e6 ({White should try} 92. Ra4 $16 Rc2 93. Rb4) 92... fxe6 $11 {The position is equal.} 93. Ke7 Ra2 94. Rd4 Ra5 95. Kxe6 Rf5 96. Re4 Kg8 97. Kd6 Kg7 98. Ke7 Kg8 99. Re6 Rf7+ 100. Ke8 Rf8+ 101. Ke7 Rf7+ 102. Kd6 {aiming for Re8+.} Rxf4 103. Rxg6+ Kf7 104. Ke5 (104. Rh6 {with more complications.} Rf5 105. Rh1 Kg6 106. Ke6 Ra5 107. Rf1) 104... Kxg6 105. Kxf4 {KP-K} Kg7 106. Kf5 Kf7 107. g6+ Kg7 108. Kg5 {Hoping for Kf5.} Kg8 $1 109. Kf6 {g7 would kill now.} Kf8 110. g7+ Kg8 111. Kg6 {Accuracy: White = 58%, Black = 72%.} 1/2-1/2

[Event "WWRR IM 2019"]
[Site "Wachtebeke"]
[Date "2019.03.06"]
[Round "8.1"]
[White "Maerevoet, Sim"]
[Black "Van der Lende, Ilias"]
[Result "1/2-1/2"]
[WhiteElo "2251"]
[BlackElo "2343"]
[Annotator "TA"]
[PlyCount "96"]
[EventDate "2019.03.02"]
[EventCountry "BEL"]
[SourceTitle "playchess.com"]
[Source "ChessBase"]
[SourceQuality "1"]

{[%evp 9,96,18,25,0,0,0,-8,0,34,6,0,0,13,0,12,-3,0,0,0,0,-7,0,10,-26,-33,-36,-33,-42,-35,-41,-32,-32,-32,-38,-38,-33,-31,-50,-50,-62,-38,-39,-39,-39,-39,-39,-39,-61,-15,-96,-32,-36,0,0,0,-13,-2,0,0,0,0,0,0,0,0,0,0,0,0,0,0,0,0,0,0,0,0,0,0,0,0,0,0,0,0,0,0,0,-2]} 1. c4 e6 2. d4 Nf6 3. Nf3 d5 4. Nc3 dxc4 5. e4 Bb4 6. Bxc4 {D24: Queen's Gambit Accepted: 3 Nf3 Nf6 4 Nc3} Nxe4 7. O-O Nxc3 (7... Nf6 8. Qa4+ Nc6 9. Bg5 Bxc3 10. bxc3 O-O 11. Ne5 Qd6 12. Rfe1 Nd5 13. Bxd5 exd5 14. Nxc6 Qxc6 15. Qxc6 bxc6 {½-½ (31) Mamedyarov,S (2817)-Duda,J (2738) Wijk aan Zee 2019}) 8. bxc3 Bd6 9. Qe2 {[%mdl 1024] White has compensation.} Nd7 {[%cal Bb8d7,Bd7f8,Bf8g6][%mdl 32]} 10. Rd1 Qe7 $146 ({Predecessor:} 10... O-O 11. Rd3 Qf6 12. Ng5 h6 13. Ne4 Qg6 14. Nxd6 cxd6 15. Rg3 Qf6 16. Qh5 Kh8 17. Bd3 e5 18. Bg5 Qe6 19. d5 Nf6 20. Qh4 Nxd5 {1-0 (20) Pulvett Marin,D (2465)-Hernandez,C (2323) Barcelona 2018}) 11. Bg5 f6 12. Bh4 Nf8 13. Ne5 Ng6 14. Qh5 Bxe5 15. dxe5 Qc5 16. Bd3 (16. Qg4 $5 {[%cal Re5f6]} Nxh4 17. Qxg7 $11) 16... O-O $1 17. Bxg6 hxg6 18. Qxg6 {[%cal Re5f6]} Qxe5 19. Bg3 Qf5 20. Qxf5 exf5 21. Bxc7 Be6 22. Bf4 Rfc8 23. Rdc1 Rc4 24. Be3 b5 25. a3 f4 26. Bd4 a5 27. Re1 Kf7 28. Re4 f3 29. Rae1 (29. gxf3 $11 {remains equal.} Bd5 30. Rf4) 29... Ra6 (29... Bd5 $17 30. Re7+ Kg6) 30. gxf3 $15 Rac6 (30... Rd6 $5 {[%cal Rb5b4]}) 31. Rb1 {The position is equal.} Bf5 {Threatens to win with ...b4.} 32. Rxb5 Bxe4 33. fxe4 $11 {[%mdl 4096] Endgame KRR-KRB} a4 (33... Ra4 {is interesting.} 34. Rb3 Kg6 35. f3 f5 36. Kf2 fxe4 37. fxe4 Re6) 34. f3 Rxc3 35. Bxc3 Rxc3 {[%mdl 64] [#] Double Attack. KR-KR} 36. Rb7+ Kg6 37. Kf2 Rxa3 38. Kg3 Ra1 39. Ra7 a3 40. Ra5 a2 41. Kg2 Kf7 {[#] Strongly threatening ...g5.} 42. Ra6 g5 43. Ra7+ Ke6 {And now ...Kd6 would win.} 44. Ra6+ Ke5 {aiming for ...Kd4.} 45. Ra5+ Kd4 {White must now prevent ...Kc3.} 46. h3 Kc3 47. Ra8 Kd3 {Hoping for ...Kc3.} 48. Ra3+ Ke2 {Accuracy: White = 70%, Black = 67%.} 1/2-1/2

[Event "WWRR IM 2019"]
[Site "Wachtebeke"]
[Date "2019.03.06"]
[Round "8.2"]
[White "De Ruiter, Danny"]
[Black "Dardha, Daniel"]
[Result "1/2-1/2"]
[WhiteElo "2328"]
[BlackElo "2369"]
[Annotator "TA"]
[PlyCount "89"]
[EventDate "2019.03.02"]
[EventCountry "BEL"]
[SourceTitle "playchess.com"]
[Source "ChessBase"]
[SourceQuality "1"]

{[%evp 13,89,0,9,-15,-9,-2,14,7,26,31,0,7,13,12,14,-27,-25,-25,-23,-25,-12,-93,-93,-87,-62,-117,-115,-116,-115,-116,-104,-127,-20,-20,43,0,0,0,0,0,0,0,0,-22,-40,0,0,0,0,12,67,66,141,104,270,156,161,0,0,0,0,-371,-50,-35,-39,-45,116,116,135,139,143,132,97,-199,-175,-220,-190,-219]} 1. d4 Nf6 2. c4 e6 3. Nf3 d5 4. g3 Bb4+ 5. Bd2 Be7 6. Bg2 O-O 7. O-O Nbd7 8. Nc3 {E11: Bogo-Indian} (8. Qc2 c6 9. Rd1 b6 10. Bf4 Nh5 11. Bd2 Nhf6 12. Bf4 Nh5 13. Bd2 Bb7 14. Ne5 Rc8 15. Nc3 Nhf6 16. Bf4 Nh5 17. Bd2 a6 18. e4 dxc4 19. Nxc4 b5 20. Ne3 c5 21. d5 c4 22. a4 Qb6 23. axb5 axb5 24. Ne2 {½-½ (54) Cheparinov,I (2709)-Karjakin,S (2753) St Petersburg 2018}) 8... dxc4 9. e4 c6 10. a4 {The position is equal.} a5 11. Qe2 b6 12. Rfd1 Ba6 13. Bf4 Bb4 14. Qc2 Qe7 $146 ({Predecessor:} 14... Ra7 15. h3 h6 16. g4 Be7 17. Be3 Qc8 18. g5 hxg5 19. Bxg5 {1-0 (48) Bauer,C (2622)-Conquest,S (2488) Bilbao 2004}) 15. e5 Nd5 16. Ng5 {[%csl Gg5][%cal Rc2h7]} f5 17. Bd2 (17. exf6 $1 $11 {keeps the balance.} gxf6 18. Nh3) 17... h6 $17 18. Nh3 g5 19. Re1 ({White should try} 19. g4 $15) 19... Kg7 20. f4 {[%cal Rf4g5]} g4 21. Nf2 h5 22. Nfd1 Rfd8 (22... h4 $17 23. Ne3 Nxe3 24. Rxe3 Rac8) 23. Bxd5 $11 cxd5 {[#]} (23... Bxc3 $11 24. bxc3 cxd5) 24. Nxd5 $1 $14 {[%mdl 512]} exd5 25. Ne3 Kh8 26. Bxb4 axb4 ({Don't go for} 26... Qxb4 $2 27. Nxd5 (27. Qxf5 Qe7 $16) 27... Qf8 28. e6 $18) 27. Qxf5 Qh7 28. Qe6 Nf8 29. Qxb6 Qb7 30. Qf6+ Qg7 31. Qh4 Qh7 (31... Qf7 $1 $11) 32. f5 Re8 (32... b3 $14) 33. Nxd5 {And now e6 would win.} Bb7 $2 (33... Qh6 $16 {is a better defense.}) 34. Nf6 (34. Qf6+ $18 Qg7 35. Qxg7+ (35. Nxb4 Qxf6 36. exf6 Rxe1+ 37. Rxe1 Rxa4 $17) 35... Kxg7 36. Nc7 (36. Nxb4 Rad8 $14)) 34... Qxf5 $16 35. Rf1 $2 ({And not} 35. Nxh5 Ng6 $17) ({White has to play} 35. Nxe8 $18 Rxe8 36. Qf6+ Qxf6 37. exf6) 35... Bf3 $11 36. Nxe8 Rxe8 37. a5 $2 {[%mdl 8192]} (37. Qf6+ $1 $11 {and White stays safe.} Qxf6 38. exf6) 37... Ne6 $2 (37... Nh7 $1 $19 {[%cal Rh7g5] Threatens to win with ...Ng5.} 38. h3 Qd3 39. hxg4 Qxd4+ {[%mdl 64] Double Attack} 40. Rf2 Bxg4) 38. Qf6+ $15 Qxf6 39. exf6 {Rae1 is the strong threat.} c3 $2 (39... Nxd4 $15 {stays ahead.} 40. Ra4 Be4) 40. bxc3 bxc3 {[%cal Bb4c3,Bc3c2][%mdl 32]} 41. Rfe1 Kg8 {[#]} 42. Re5 $1 Kf7 {[#]} 43. Kf2 $2 {[%mdl 8192]} (43. d5 $1 $16 {is necessary to keep the advantage.} Nd4 44. Rxe8 Kxe8 45. Kf2) 43... Kxf6 $19 44. a6 c2 {Strongly threatening ...Rc8.} 45. Rc1 {Accuracy: White = 50%, Black = 42%.} 1/2-1/2

[Event "WWRR IM 2019"]
[Site "Wachtebeke"]
[Date "2019.03.06"]
[Round "8.3"]
[White "Huynh, Laurent"]
[Black "Hautot, Stephane"]
[Result "1/2-1/2"]
[WhiteElo "2138"]
[BlackElo "2347"]
[Annotator "TA"]
[PlyCount "97"]
[EventDate "2019.03.02"]
[EventCountry "BEL"]
[SourceTitle "playchess.com"]
[Source "ChessBase"]
[SourceQuality "1"]

{[%evp 9,97,43,35,-13,27,14,21,23,26,29,34,20,25,12,12,9,29,0,0,-4,4,8,16,16,31,20,91,108,89,0,0,0,7,0,0,0,0,0,0,0,0,0,0,0,4,7,16,8,14,0,0,0,0,0,0,0,6,6,4,0,0,0,0,0,0,0,0,0,0,0,0,0,0,0,0,0,0,0,0,0,0,0,0,0,0,0,0,0,0,0]} 1. e4 g6 2. d4 Bg7 3. Nc3 c6 4. Nf3 d5 5. Bd3 (5. h3 dxe4 6. Nxe4 Nf6 7. Bd3 O-O 8. O-O Nxe4 9. Bxe4 Nd7 10. c3 c5 11. Be3 Qc7 12. Qe2 cxd4 13. Nxd4 a6 14. Rad1 Nf6 15. Bc2 b6 16. Rfe1 Bb7 17. Bb3 Ne4 18. Nf3 e6 19. Bd4 {1-0 (32) Adams,M (2703)-Howell,D (2696) London 2018}) 5... Bg4 6. e5 {B15: Caro-Kann: 3 Nc3: 3...g6 and 3...dxe4 4 Nxe4 Nf6 5 Nxf6+ exf6} Qb6 7. Be2 e6 8. O-O Ne7 $146 ({Predecessor:} 8... Bxf3 9. Bxf3 Ne7 10. Na4 Qc7 11. b3 O-O 12. Ba3 Na6 {0-1 (34) Zhileykin,A (2253)-Kozionov,K (2401) Voronezh 2015}) 9. Na4 Qc7 10. Nc5 b6 11. Nd3 c5 12. c3 $36 {[%mdl 2048] White is pushing.} Nbc6 13. Be3 Nf5 14. Rc1 Nxe3 15. fxe3 Bh6 16. Qd2 Qe7 17. Nf2 Bf5 (17... Bxf3 $1 $11 {keeps the balance.} 18. gxf3 O-O) 18. Bb5 $16 Rc8 19. g4 (19. Qe2 $16) 19... Be4 $1 $11 {[%cal Re4f3] The position is equal.} 20. Qe2 Bxf3 21. Qxf3 O-O {[#] Threatens to win with ...cxd4.} 22. Rce1 f6 23. Bxc6 Rxc6 24. exf6 Rxf6 25. Qg3 Bg5 26. Nd3 Bh4 27. Qb8+ Kg7 28. Rxf6 Bxf6 29. Qf4 Rc8 30. Rf1 Rf8 31. Kg2 Kg8 32. Qg3 c4 33. Ne5 Qc7 34. g5 Bxe5 $1 35. Rxf8+ Kxf8 36. Qxe5 Qxe5 37. dxe5 {[%mdl 4096] Endgame KP-KP} Ke7 38. Kf3 Kd7 39. Ke2 Kc6 40. Kd2 b5 41. h3 Kc5 42. h4 Kb6 43. Kc1 Ka5 44. Kc2 Ka4 45. Kc1 b4 46. Kb1 $1 Kb5 47. Kc1 Ka5 48. Kb1 Ka4 (48... b3 $5 49. a3 $8 Kb6 $11) 49. Kc1 {Accuracy: White = 85%, Black = 59%.} 1/2-1/2